000 00436nam a22001817a 4500
040 _aISFD N° 12
082 _a840.3
_bCAM
100 _aCamus Albert
240 _aEl extranjero
245 _aEl Extranjero
260 _aBuenos Aires
_bEmecé
_c2000
300 _a155p.
650 _aNarrativa-Literatura
942 _2ddc
_cLIB
999 _c7006
_d7006